Εισαγωγή στη στατιστική και τις πιθανότητες
Αποθηκεύτηκε σε:
| Κύριος συγγραφέας: | |
|---|---|
| Μορφή: | Βιβλίο |
| Γλώσσα: | Greek |
| Δημοσίευση: |
Αθήνα :
Κριτική ;
2017.
|
| Έκδοση: | 2η εκδ. |
| Σειρά: | (Επιστημονική βιβλιοθήκη)
|
| Θέματα: | |
| Ετικέτες: |
Προσθήκη ετικέτας
Δεν υπάρχουν, Καταχωρήστε ετικέτα πρώτοι!
|
MARC
| LEADER | 00000cam a2200000 a 4500 | ||
|---|---|---|---|
| 001 | 1/120970 | ||
| 008 | 200220s2017####gr | ||| |||| ||gre|| | ||
| 020 | |a 9789605861476 | ||
| 040 | |a GR-MyUa |b gre |c GR-MyUa |e AACR2 | ||
| 041 | 0 | |a gre | |
| 082 | 7 | |a 519.5 |2 (23) | |
| 100 | 1 | |a Ζαφειρόπουλος, Κώστας. | |
| 245 | 1 | 0 | |a Εισαγωγή στη στατιστική και τις πιθανότητες / |c Κώστας Ζαφειρόπουλος. |
| 250 | |a 2η εκδ. | ||
| 260 | |a Αθήνα : |b Κριτική ; |c 2017. | ||
| 300 | |a 458 σ. : |b πιν. ; |c 24 εκ. | ||
| 490 | 0 | |a (Επιστημονική βιβλιοθήκη) | |
| 504 | |a Περιλαμβάνει βιβλιογραφία. | ||
| 650 | 0 | |a Statistics. | |
| 650 | 0 | |a Probabilities. | |
| 852 | |a INST |b LESVOS |c EUDOXUS |e 20200220 |h 519.5 ΖΑΦ |p 005100062650 |q 005100062650 |t EDX |y 0 | ||
| 920 | |a Εύδοξος |b Επιστροφή |y Λέσβος |z 2020-02 | ||
| 970 | |a Καμάτσου |b Δέσποινα |z 20-02-2020 | ||